LIBRARY & INFORMATION CENTRE, KCAET, TAVANUR

ONLINE PUBLIC ACCESS CATALOGUE (OPAC)

Flow in open channels (Record no. 14130)

MARC details
000 -LEADER
fixed length control field 00332nam a22001457a 4500
020 ## - INTERNATIONAL STANDARD BOOK NUMBER
ISBN 9780070086951
082 ## - DEWEY DECIMAL CLASSIFICATION NUMBER
Classification number 532.54
Item number SUB/FL
100 ## - MAIN ENTRY--AUTHOR NAME
Personal name Subramanya K
245 ## - TITLE STATEMENT
Title Flow in open channels
250 ## - EDITION STATEMENT
Edition statement 3
260 ## - PUBLICATION, DISTRIBUTION, ETC. (IMPRINT)
Place of publication New Delhi
Name of publisher Tata McGraw Hill
Year of publication 2011
300 ## - PHYSICAL DESCRIPTION
Number of Pages 548
650 ## - SUBJECT ADDED ENTRY--TOPICAL TERM
Topical Term Flow theory
942 ## - ADDED ENTRY ELEMENTS (KOHA)
Koha item type Books
Holdings
Withdrawn status Lost status Damaged status Collection code Home library Current library Shelving location Date acquired Full call number Accession Number Koha item type
      General Books KAUAET KAUAET General Stacks 26/08/2022 532.54 SUB/FL 24036 Books
free website counter